| 000 | 00898nam a2200325 a 4500 | ||
|---|---|---|---|
| 003 | AR-BaBNM | ||
| 005 | 20251128205416.0 | ||
| 008 | 082120s2002 ||||||||||||||000 | spa|| | ||
| 020 | _a84-297-0889-8 | ||
| 040 | _cAR-BaBNM | ||
| 100 | 1 | _aDuby, Georges | |
| 245 | 0 | 0 | _aEconomía rural y vida campesina en el Occidente Medieval |
| 250 | _a3ª ed. | ||
| 260 |
_aMadrid _bEdiciones Península _c1991 |
||
| 300 | _a550 p. | ||
| 490 | 0 |
_aHistoria, ciencia, sociedad _vv. 27 |
|
| 500 | _aApéndice p. 540-546 | ||
| 650 | 4 | _aSOCIOLOGIA CULTURAL | |
| 650 | 4 | _aHISTORIA ECONOMICA | |
| 650 | 4 | _aEDAD MEDIA | |
| 650 | 4 | _aANTROPOLOGIA CULTURAL Y SOCIAL | |
| 650 | 4 | _aVIDA COTIDIANA | |
| 650 | 4 | _aCOSTUMBRES Y TRADICIONES | |
| 650 | 4 | _aFEUDALISMO | |
| 650 | 4 | _aTIERRA | |
| 650 | 4 | _aDEMOGRAFIA HISTORICA | |
| 700 | 1 |
_aTorras Elías, Jaime _etraductor |
|
| 942 | _cBK | ||
| 998 | _cmariana | ||
| 999 |
_c11318 _d11318 |
||